| 000 | 00885pam a2200277 a 4500 | ||
|---|---|---|---|
| 001 | 015170910 | ||
| 003 | OSt | ||
| 005 | 20140330120720.0 | ||
| 008 | 090423s2010 xxk frb 001 0 eng d | ||
| 020 | _a9781847032782 (pbk.) | ||
| 020 | _a1847032788 (pbk.) | ||
| 040 |
_aStDuBDS _beng _cStDuBDS _dUk |
||
| 082 | 0 | 4 |
_a341.0268 _222 _bHAR |
| 100 | 1 |
_aHarris, D. J. _q(David John) _935813 |
|
| 245 | 1 | 0 |
_aCases and materials on international law / _cby David Harris. |
| 250 | _a7th ed. | ||
| 260 |
_aLondon : _bSweet & Maxwell ; _bThomson Reuters, _c2010 _f(Ashford Colour Printers) |
||
| 300 |
_alxvii, 941 p. ; _c25 cm. |
||
| 500 | _aIndex : p. 915-941. | ||
| 500 | _aIncludes appendix. | ||
| 504 | _aIncludes bibliographical references. | ||
| 650 | 0 |
_aInternational law _xCases _935814 |
|
| 653 |
_bBUSBOL _cMarch2014 |
||
| 655 |
_vreading book _934232 |
||
| 942 |
_2ddc _k341.0268 HAR |
||
| 999 |
_c18187 _d18159 |
||